Thiết kế đường ray không khe nối trên đường sắt đô thị

Sách trình bày nguyên lý thiết kế đường ray không khe nói trên đường sát đô thị, công nghệ hàn ray, lắp đặt đường rây không khe nói.

Shranjeno v:
Bibliografske podrobnosti
Glavni avtor: Nguyễn Hữu Thiện
Format: Knjiga
Jezik:Vietnamese
Izdano: H. Xây dựng 2017
Teme:
Oznake: Označite
Brez oznak, prvi označite!
Thư viện lưu trữ: Thư viện Trường Đại học Nam Cần Thơ
LEADER 01633nam a22002417a 4500
001 NCT_63642
008 190419b xxu||||| |||| 00| 0 vie d
999 |c 3078  |d 3078 
020 |a 9786048222673  |c 90000 
082 0 4 |2 23rd ed.  |a 625.1  |b Th305 
100 1 |a Nguyễn Hữu Thiện 
245 1 0 |a Thiết kế đường ray không khe nối trên đường sắt đô thị  |c Nguyễn Hữu Thiện 
260 |a H.  |b Xây dựng  |c 2017 
300 |a 170 tr.  |b Hình vẽ  |c 27 cm 
520 3 |a Sách trình bày nguyên lý thiết kế đường ray không khe nói trên đường sát đô thị, công nghệ hàn ray, lắp đặt đường rây không khe nói. 
653 |a Kỹ thuật Công trình Xây dựng 
942 |2 ddc  |c BK 
952 |0 0  |1 0  |2 ddc  |4 0  |6 625_100000000000000_TH305  |7 0  |9 16725  |a 000001  |b 000001  |d 2019-04-19  |o 625.1 Th305  |p MD.15281  |r 2019-04-19  |v 90000.00  |w 2019-04-19  |y BK 
952 |0 0  |1 0  |2 ddc  |4 0  |6 625_100000000000000_TH305  |7 0  |9 16726  |a 000001  |b 000001  |d 2019-04-19  |o 625.1 Th305  |p MD.15282  |r 2019-04-19  |v 90000.00  |w 2019-04-19  |y BK 
952 |0 0  |1 0  |2 ddc  |4 0  |6 625_100000000000000_TH305  |7 0  |9 16727  |a 000001  |b 000001  |d 2019-04-19  |o 625.1 Th305  |p MD.15283  |r 2019-04-19  |v 90000.00  |w 2019-04-19  |y BK 
952 |0 0  |1 0  |2 ddc  |4 0  |6 625_100000000000000_TH305  |7 0  |9 16728  |a 000001  |b 000001  |d 2019-04-19  |o 625.1 Th305  |p MD.15284  |r 2019-04-19  |v 90000.00  |w 2019-04-19  |y BK 
952 |0 0  |1 0  |2 ddc  |4 0  |6 625_100000000000000_TH305  |7 0  |9 16729  |a 000001  |b 000001  |d 2019-04-19  |o 625.1 Th305  |p MD.15285  |r 2019-04-19  |v 90000.00  |w 2019-04-19  |y BK 
980 |a Thư viện Trường Đại học Nam Cần Thơ